Top 10 napastników w FC 2025 - Statystyki

Ogólne statystyki
  • Ten quiz został rozwiązany 241 razy
  • Średni wynik to 9 z 10
Statystyki odpowiedzi
Piłkarz Narodowość Klub Ocena ogólna % Poprawnych
Kylian Mbappé Francja Real Madryt 91
99%
Robert Lewandowski Polska FC Barcelona 88
98%
Lionel Messi Argentyna Inter Miami CF 88
97%
Mohamed Salah Egipt Liverpool 89
96%
Vini Jr. Brazylia Real Madryt 90
96%
Erling Haaland Norwegia Manchester City 91
95%
Harry Kane Anglia Bayern Monachium 90
95%
Lautaro Martínez Argentyna Lombardia FC 89
85%
Phil Foden Anglia Manchester City 88
83%
Antoine Griezmann Francja Atlético Madryt 88
76%
Nie znaleziono quizów pasujących do podanych kryteriów
Rozkład punktacji
Procent ludzi z każdym wynikiem
Percentyl według liczby udzielonych odpowiedzi
Twoja historia wyników
Nie rozwiązałeś tego quizu